[Event "Rilton Cup 45th"]
[Site "Stockholm"]
[Date "2016.01.02"]
[Round "6"]
[White "Golubka, Petr"]
[Black "Krantz, Christopher"]
[Result "1-0"]
[WhiteElo "2406"]
[BlackElo "2230"]
[PlyCount "40"]
[EventDate "2015.12.27"]
[EventType "swiss"]
[EventRounds "9"]
[EventCountry "SWE"]
[SourceTitle "CBM 170 Extra"]
[Source "ChessBase"]
[SourceDate "2016.02.25"]
[SourceVersion "1"]
[SourceVersionDate "2016.02.25"]
[SourceQuality "1"]

1. e4 e5 2. f4 d5 3. exd5 exf4 4. Nf3 Nf6 5. c4 c6 6. d4 cxd5 7. Nc3 Bd6 8. Qe2+ Be7 9. Bxf4 Nc6 10. 0-0-0 0-0 11. g4 Bxg4 12. Rg1 Bh5 13. Rg5 dxc4 14. Qg2 Nb4 15. Rxg7+ Kh8 16. Bh6 Rg8 17. Ne5 Qf8 18. Rxg8+ Qxg8 19. Qxb7 Bf8 20. Be3 Rb8 1-0

[Event "Rilton Cup 45th"]
[Site "Stockholm"]
[Date "2015.12.30"]
[Round "4"]
[White "Sjodahl, Pontus"]
[Black "Krantz, Christopher"]
[Result "1/2-1/2"]
[WhiteElo "2404"]
[BlackElo "2230"]
[PlyCount "188"]
[EventDate "2015.12.27"]
[EventType "swiss"]
[EventRounds "9"]
[EventCountry "SWE"]
[SourceTitle "CBM 170 Extra"]
[Source "ChessBase"]
[SourceDate "2016.02.25"]
[SourceVersion "1"]
[SourceVersionDate "2016.02.25"]
[SourceQuality "1"]

1. d4 d5 2. c4 e6 3. Nc3 Bb4 4. a3 Bxc3+ 5. bxc3 c5 6. e3 Nc6 7. cxd5 exd5 8. Bd3 Nge7 9. Rb1 0-0 10. Ne2 b6 11. Ng3 Be6 12. Qh5 h6 13. 0-0 Qd7 14. h3 f6 15. a4 Rfe8 16. Ba3 cxd4 17. cxd4 Bf7 18. Qf3 Bg6 19. Bxg6 Nxg6 20. Nf5 Nge7 21. Nxe7+ Nxe7 22. Rb5 Rad8 23. Bxe7 Rxe7 24. Rfb1 Qe6 25. a5 bxa5 26. Rxa5 Qe4 27. Qxe4 dxe4 28. Rba1 Rdd7 29. g4 g5 30. Ra6 Kg7 31. R1a5 Rb7 32. Kg2 Kf7 33. Kg3 Rec7 34. h4 Re7 35. h5 Rec7 36. Kg2 Re7 37. Rc6 Rec7 38. Rxc7+ Rxc7 39. Ra6 Rb7 40. Kg3 Rc7 41. Ra3 Ke6 42. f3 exf3 43. Kxf3 Kd5 44. Ra6 Rf7 45. Ra4 Kc6 46. Ke4 Re7+ 47. Kd3 Kb5 48. Ra1 a5 49. Rb1+ Kc6 50. Rf1 Re6 51. Ra1 Kb5 52. d5 Re8 53. Kd4 a4 54. Rb1+ Ka5 55. Rb7 a3 56. d6 Ra8 57. Kc3 Rd8 58. Rb3 a2 59. Ra3+ Kb5 60. Rxa2 Rxd6 61. Ra8 Kc5 62. Rh8 Kd5 63. Kd3 Ke6+ 64. Ke4 Kf7 65. Rh7+ Kg8 66. Ra7 Re6+ 67. Kf5 Rxe3 68. Kg6 Kf8 69. Ra4 Rf3 70. Ra8+ Ke7 71. Ra7+ Kf8 72. Rf7+ Ke8 73. Rxf6 Rf4 74. Re6+ Kf8 75. Rf6+ Ke8 76. Ra6 Rxg4 77. Kxh6 Kf7 78. Ra7+ Kf6 79. Ra6+ Kf7 80. Ra5 Kf6 81. Ra8 Kf7 82. Kh7 Rh4 83. h6 g4 84. Ra1 Kf6 85. Ra4 Kg5 86. Kg7 Rh1 87. h7 g3 88. Ra6 Rxh7+ 89. Kxh7 Kf4 90. Kh6 g2 91. Ra1 Kf3 92. Kg5 Kf2 93. Kf4 g1Q 94. Rxg1 Kxg1 1/2-1/2

[Event "Rilton Cup 45th"]
[Site "Stockholm"]
[Date "2015.12.27"]
[Round "1"]
[White "Andersen, Mads"]
[Black "Krantz, Christopher"]
[Result "1-0"]
[WhiteElo "2474"]
[BlackElo "2230"]
[PlyCount "135"]
[EventDate "2015.12.27"]
[EventType "swiss"]
[EventRounds "9"]
[EventCountry "SWE"]
[SourceTitle "CBM 170 Extra"]
[Source "ChessBase"]
[SourceDate "2016.02.25"]
[SourceVersion "1"]
[SourceVersionDate "2016.02.25"]
[SourceQuality "1"]

1. d4 d5 2. c4 e6 3. Nf3 Nf6 4. Nc3 Bb4 5. cxd5 exd5 6. Bg5 Nbd7 7. e3 h6 8. Bh4 g5 9. Bg3 Ne4 10. Qc2 Nxg3 11. hxg3 c6 12. Bd3 Qe7 13. 0-0-0 Nb6 14. Ne5 Be6 15. f4 0-0-0 16. f5 Bd7 17. f6 Qe8 18. Nxd7 Kxd7 19. e4 Bxc3 20. Qxc3 dxe4 21. Rhe1 Nd5 22. Qb3 Kc8 23. Bxe4 Qd7 24. Qf3 g4 25. Qf2 Kb8 26. Kb1 Rhe8 27. Bxd5 cxd5 28. Qf4+ Ka8 29. a3 a6 30. Qxh6 Qf5+ 31. Ka2 Rxe1 32. Rxe1 Qf2 33. Qe3 Qxf6 34. Qe7 Qb6 35. Rc1 Ka7 36. Rc5 f6 37. Qe2 Qd6 38. Qxg4 Re8 39. Qf4 Qxf4 40. gxf4 Re4 41. Rxd5 Rxf4 42. Kb3 Kb6 43. Kc4 Kc6 44. Rd8 Rf2 45. Rf8 b5+ 46. Kc3 a5 47. Rc8+ Kd6 48. Rb8 Kc6 49. d5+ Kc5 50. d6 b4+ 51. axb4+ axb4+ 52. Rxb4 Kxd6 53. Rd4+ Kc5 54. Rd2 Rf4 55. Kd3 Rg4 56. Ke3 Rg3+ 57. Kf4 Rg5 58. g4 Rg6 59. Rg2 Rg5 60. Rh2 Kd6 61. Rh5 Rg8 62. Kf5 Ke7 63. Rh7+ Ke8 64. Rb7 Rg5+ 65. Ke6 Kd8 66. Rb4 Rg6 67. Kf7 Rh6 68. Rd4+ 1-0

[Event "Politiken Cup 36th"]
[Site "Helsingor"]
[Date "2014.07.29"]
[Round "10"]
[White "Semcesen, Daniel"]
[Black "Krantz, Christopher"]
[Result "1-0"]
[WhiteElo "2471"]
[BlackElo "2219"]
[PlyCount "83"]
[EventDate "2014.07.21"]
[EventType "swiss"]
[EventRounds "10"]
[EventCountry "DEN"]
[SourceTitle "CBM 161 Extra"]
[Source "ChessBase"]
[SourceDate "2014.08.29"]
[SourceVersion "1"]
[SourceVersionDate "2014.08.29"]
[SourceQuality "1"]

1. Nf3 d5 2. g3 Nf6 3. Bg2 Bg4 4. d3 Nbd7 5. h3 Bh5 6. g4 Bg6 7. Nh4 e6 8. e3 Bd6 9. Qe2 Ng8 10. Nxg6 hxg6 11. Bd2 Ne7 12. Nc3 c6 13. f4 Qc7 14. 0-0-0 0-0-0 15. Kb1 f6 16. Qf2 e5 17. Ne2 Kb8 18. e4 dxe4 19. Bxe4 Nc5 20. Bg2 Ne6 21. fxe5 Bxe5 22. Be3 c5 23. c3 g5 24. d4 cxd4 25. cxd4 Bf4 26. d5 Bxe3 27. Qxe3 Nf4 28. Nxf4 gxf4 29. Qe4 Nc8 30. Rhe1 Rhf8 31. h4 Rf7 32. Rc1 Qd6 33. Qf5 Re7 34. h5 Rde8 35. Rxe7 Nxe7 36. Qh7 Nc8 37. Qxg7 Re2 38. Bf1 Rd2 39. Qg8 Qd7 40. Bb5 Rxb2+ 41. Kxb2 Qxb5+ 42. Ka1 1-0